000 00260nmm a2200085Ia 4500
008 220120s9999||||xx |||||||||||||||||und||
100 _aDIGIT 2010
245 0 _aDigit 9th aniversery Package, OWASP, OPHCRAC, music albums,
260 _aNine dot nine interactive ltd.
999 _c139489
_d139489